Capoluogo di Regione o no? - Statistics

Statistiche generali
  • Questo quiz è stato fatto 169 volte
    98 dall'ultimo reset
  • Il punteggio medio è 37 su 40
Statistiche sulle risposte
Domanda Risposta % Corretto
Trento Capoluogo di Regione
98%
Sassari Non è Capoluogo di Regione
98%
Genova Capoluogo di Regione
96%
Firenze Capoluogo di Regione
96%
Roma Capoluogo di Regione
96%
Milano Capoluogo di Regione
96%
Torino Capoluogo di Regione
96%
Napoli Capoluogo di Regione
96%
Bologna Capoluogo di Regione
96%
Viterbo Non è Capoluogo di Regione
96%
Salerno Non è Capoluogo di Regione
96%
Aosta Capoluogo di Regione
95%
Bari Capoluogo di Regione
95%
Cagliari Capoluogo di Regione
95%
Terni Non è Capoluogo di Regione
95%
La Spezia Non è Capoluogo di Regione
95%
Ancona Capoluogo di Regione
94%
Palermo Capoluogo di Regione
94%
Venezia Capoluogo di Regione
94%
Isernia Non è Capoluogo di Regione
94%
Ascoli Piceno Non è Capoluogo di Regione
94%
Novara Non è Capoluogo di Regione
94%
Parma Non è Capoluogo di Regione
94%
Brescia Non è Capoluogo di Regione
94%
Bergamo Non è Capoluogo di Regione
94%
Catania Non è Capoluogo di Regione
94%
Potenza Capoluogo di Regione
93%
Pisa Non è Capoluogo di Regione
93%
Lecce Non è Capoluogo di Regione
93%
L'Aquila Capoluogo di Regione
92%
Perugia Capoluogo di Regione
89%
Matera Non è Capoluogo di Regione
89%
Trieste Capoluogo di Regione
88%
Udine Non è Capoluogo di Regione
88%
Bolzano Non è Capoluogo di Regione
87%
Verona Non è Capoluogo di Regione
87%
Campobasso Capoluogo di Regione
85%
Pescara Non è Capoluogo di Regione
85%
Reggio Calabria Non è Capoluogo di Regione
80%
Catanzaro Capoluogo di Regione
74%
Nessun quiz corrispondente trovato
Distribuzione punteggi
Percentuale di utenti per punteggio
Percentile per numero di risposta
I tuoi punteggi nel tempo
Non hai fatto questo quiz dall'ultimo reset